LEADER 01352nam0 22003253i 450 001 MIL0324844 005 20231121125545.0 010 $a8878141100 100 $a20120919d1997 ||||0itac50 ba 101 | $aita 102 $ait 181 1$6z01$ai $bxxxe 182 1$6z01$an 200 1 $aScrivere la città$e˜le œepigrafi tardoantiche e medievali di Volterra, secoli 4.-14.$fAndrea Augenti, Massimiliano Munzi 210 $aFirenze$cAll'insegna del giglio$d\1997! 215 $a95 p.$d30 cm. 225 | $aRicerche di archeologia altomedievale e medievale$v22 410 0$1001CFI0083871$12001 $aRicerche di archeologia altomedievale e medievale$v22 606 $aIscrizioni -Volterra-Sec.4.-14.$2FIR$3RMLC378974$9I 676 $a945.551$9$v21 700 1$aAugenti$b, Andrea$3RMRV008288$4070$0163294 701 1$aMunzi$b, Massimiliano$3UBOV097158$4070$0459893 801 3$aIT$bIT-01$c20120919 850 $aIT-FR0017 899 $aBiblioteca umanistica Giorgio Aprea$bFR0017 $eN 912 $aMIL0324844 950 0$aBiblioteca umanistica Giorgio Aprea$d 52MAG 8/924*$e 52FLS0000123615 VMN RS $fA $h20120919$i20120919$d 52MAG 8/924$e 52FLS0000220725 VMN RS $fA $h20160114$i20160114 977 $a 52 996 $aScrivere la città$91454619 997 $aUNICAS LEADER 00993cam0 22002771 450 001 SOBE00084456 005 20250915110809.0 100 $a20250915d1966 |||||ita|0103 ba 101 $aita 102 $aIT 200 1 $a<> pop art$ftesto di Enrico Crispolti 210 $aMilano$cFabbri$d1966 215 $a157 p.$cill.$d19 cm 225 2 $aÉlite$hLe arti e gli stili in ogni tempo e paese$v13 410 1$1001SOBE00084452$12001 $a*Élite. Le arti e gli stili in ogni tempo e paese$v13 500 10$a<>pop art$3SOBA00035506$9608361 700 1$aCrispolti$b, Enrico <1933-2018>$3AF00010478$4070$0297014 801 0$aIT$bUNISOB$c20250915$gRICA 850 $aUNISOB 852 $aUNISOB$jFondo|Calì$m184251 912 $aSOBE00084456 940 $aM 102 Monografia moderna SBN 941 $aM 957 $aFondo|Calì$b001816$gSI$d184251$n20250610$hCali$rDono$tN$1rovito$2UNISOB$3UNISOB$420250915110607.0$520250915110635.0$6rovito 996 $aPop art$9608361 997 $aUNISOB